Je podnik (stále) legislatívnou výzvou?
Analýza pojmov podnik/podnikateľ v slovenskom obchodnom a súťažnom práve. Otázky nevyhnutosti novelizácie Zákona o ochrane hospodárskej súťaže s ohľadom na potreby harmonizácie s európskym súťažným právom. Porovnanie s českou právnou úpravou.
Saved in:
| Main Author: | |
|---|---|
| Format: | Book Chapter |
| Language: | Slovak |
| Subjects: | |
| Tags: |
No Tags, Be the first to tag this record!
|
MARC
| LEADER | 00000naa a2200000 4500 | ||
|---|---|---|---|
| 001 | 0249280 | ||
| 005 | 20181203103043.6 | ||
| 041 | 0 | |a slo | |
| 044 | |a SK | ||
| 245 | 1 | 0 | |a Je podnik (stále) legislatívnou výzvou? |c Katarína Kalesná |
| 520 | |a Analýza pojmov podnik/podnikateľ v slovenskom obchodnom a súťažnom práve. Otázky nevyhnutosti novelizácie Zákona o ochrane hospodárskej súťaže s ohľadom na potreby harmonizácie s európskym súťažným právom. Porovnanie s českou právnou úpravou. | ||
| 610 | 2 | 0 | |a právo súťažné |
| 610 | 2 | 0 | |a podnik |
| 610 | 2 | 0 | |a podnikatelia |
| 610 | 2 | 0 | |a ochrana súťaže hospodárskej |
| 610 | 2 | 0 | |a Česko |
| 610 | 2 | 0 | |a Slovensko |
| 610 | 2 | 0 | |a harmonizácia |
| 610 | 2 | 0 | |a Európska únia |
| 610 | 2 | 0 | |a aproximácia práva |
| 100 | 1 | |a Kalesná, Katarína | |